Library Banner

The great divide (Record no. 67998)

MARC details
000 -LEADER
fixed length control field 00426nam a22001577a 4500
005 - DATE AND TIME OF LATEST TRANSACTION
control field 20150318102223.0
008 - FIXED-LENGTH DATA ELEMENTS--GENERAL INFORMATION
fixed length control field 150318b xxu||||| |||| 00| 0 eng d
020 ## - INTERNATIONAL STANDARD BOOK NUMBER
International Standard Book Number 0195773403
040 ## - CATALOGING SOURCE
Transcribing agency PK-LaUMT
082 ## - DEWEY DECIMAL CLASSIFICATION NUMBER
Classification number KHC 954.035
Item number HOD-G
100 ## - MAIN ENTRY--PERSONAL NAME
Personal name Hodson, H.V.
245 ## - TITLE STATEMENT
Title The great divide
Remainder of title Britain - India - Pakistan
Statement of responsibility, etc H.V. Hodson
260 ## - PUBLICATION, DISTRIBUTION, ETC. (IMPRINT)
Place of publication, distribution, etc Karachi
Name of publisher, distributor, etc Oxford University Press
Date of publication, distribution, etc 1985
300 ## - PHYSICAL DESCRIPTION
Extent 590 p.
942 ## - ADDED ENTRY ELEMENTS (KOHA)
Koha item type Books
Holdings
Withdrawn status Lost status Damaged status Home library Current library Date acquired Full call number Barcode Date last seen Price effective from Koha item type
      UMT Main Campus UMT Main Campus 2015-03-18 KHC 954.035 HOD-G 74124 2015-03-18 2015-03-18 Books